Complete Digital Design (Record no. 333492)

MARC details
000 -LEADER
fixed length control field 00485nam a2200157Ia 4500
008 - FIXED-LENGTH DATA ELEMENTS--GENERAL INFORMATION
fixed length control field 230718s9999 xx 000 0 und d
020 ## - INTERNATIONAL STANDARD BOOK NUMBER
International Standard Book Number 9780070601420
041 ## - LANGUAGE CODE
Language code of text/sound track or separate title eng
082 ## - DEWEY DECIMAL CLASSIFICATION NUMBER
Classification number 621.395
Item number BAL
100 ## - MAIN ENTRY--PERSONAL NAME
Personal name Balch M.
9 (RLIN) 174009
245 ## - TITLE STATEMENT
Title Complete Digital Design
Remainder of title A Comprehensive Guide To Digital Electronics And Computer System Architecture
260 ## - PUBLICATION, DISTRIBUTION, ETC. (IMPRINT)
Name of publisher, distributor, etc. Tata Mc Graw-Hill
365 ## - TRADE PRICE
Currency code Rs.
Price amount 465.00
700 ## - ADDED ENTRY--PERSONAL NAME
Personal name Balch M.
9 (RLIN) 174009
906 ## - LOCAL DATA ELEMENT F, LDF (RLIN)
d B:IN 86905-Aug-2013
c ETC
b 213.9
Holdings
Withdrawn status Lost status Damaged status Not for loan Home library Current library Date acquired Vendor Budget Code Cost, normal purchase price Bill number Total Checkouts Full call number Barcode Date last seen Discount Cost, replacement price Bill Date Koha item type Original Barcode
        Cummins College of Engineering for Women Pune Cummins College of Engineering for Women Pune 23/09/2013 Pradeep Book Distributors ETC 358.05 IN 869   621.395 CCEP-BK-44699 18/07/2023 213.9 465.00 05/08/2013 Books 044699